| 000 | 00539nam a2200181Ia 4500 | ||
|---|---|---|---|
| 008 | 151018s9999 xx 000 0 und d | ||
| 082 |
_bRBASDV47175 _a891.463 |
||
| 100 | _aएस एम काशीकर | ||
| 245 | _aसंघर्ष | ||
| 250 | _b1 | ||
| 260 |
_bमनोरमा प्रकाशन मुंबई _c2008 |
||
| 300 | _a221 | ||
| 600 | _aएस एम काशीकर | ||
| 630 | _aसंघर्ष | ||
| 700 | _aएस एम काशीकर | ||
| 730 | _aसंघर्ष | ||
| 942 | _cBOOK | ||
| 999 |
_c1046323 _d1046320 |
||